[Event "Staffordshire IM"]
[Site "Lichfield ENG"]
[Date "2000.07.07"]
[Round "2"]
[White "Van der Vorm,T"]
[Black "Hanley,C"]
[Result "0-1"]
[WhiteElo "2372"]
[BlackElo "2231"]

1.e4 e6 2.d4 d5 3.Nc3 Nf6 4.e5 Nfd7 5.f4 c5 6.Nf3 Nc6 7.Be3 a6 8.Qd2 b5 9.dxc5 Bxc5
10.Bxc5 Nxc5 11.Qf2 Qb6 12.Bd3 b4 13.Ne2 a5 14.O-O Ba6 15.Kh1 Ne7 16.Rad1 g6
17.Ned4 Na4 18.Rb1 h6 19.h3 Rb8 20.g4 Nc5 21.Qe3 a4 22.Kg2 Kd7 23.Rbd1 Kc7
24.Bxa6 Nxa6 25.Rf2 Nc5 26.c3 Kb7 27.cxb4 Qxb4 28.b3 Ne4 29.Rc2 Rhc8 30.bxa4 Rxc2+
31.Nxc2 Qxa4 32.Rb1+ Kc7 33.Rc1 Rb2 34.Nd4 Qxa2 35.Qd3 Kd7 36.Kf3 Nc6  0-1

[Event "10th Open"]
[Site "Jyvaskyla FIN"]
[Date "2000.07.19"]
[Round "2"]
[White "Joentausta,H"]
[Black "Manninen,M"]
[Result "0-1"]
[WhiteElo "2163"]
[BlackElo "2428"]

1.e4 e6 2.d4 d5 3.Nc3 Nf6 4.e5 Nfd7 5.f4 c5 6.Nf3 Nc6 7.Be3 Rb8 8.Be2 Qa5
9.O-O b5 10.f5 cxd4 11.fxe6 fxe6 12.Nxd4 Nxd4 13.Bxd4 b4 14.Bh5+ g6 15.Ne2 Bc5
16.Bg4 Ba6 17.Kh1 Bxe2 18.Bxe2 Bxd4 19.Qxd4 Qc5 20.Qf4 Rf8 21.Qh6 Rxf1+ 22.Rxf1 Qe7
23.Qe3 Rb6 24.a4 bxa3 25.bxa3 Qc5 26.Qh6 Qe7 27.Qe3 Qg7 28.Qc3 Kd8 29.Qa5 Qxe5
30.Re1 Qc7 31.Bg4 Nc5 32.Qd2 Qd6 33.Qg5+ Kc7 34.c4 Nd3 35.Ra1  0-1

[Event "Aegean Open"]
[Site "Agios Kyrikos GRE"]
[Date "2000.07.21"]
[Round "7"]
[White "Van den Doel,E"]
[Black "Vuckovic,Bo"]
[Result "1-0"]
[WhiteElo "2547"]
[BlackElo "2444"]

1.e4 e6 2.d4 d5 3.Nc3 Nf6 4.e5 Nfd7 5.Nce2 c5 6.c3 cxd4 7.cxd4 Nc6 8.f4 Qb6
9.Nf3 Be7 10.h4 f6 11.Rh3 O-O 12.a3 Na5 13.b4 Nc4 14.Ng3 a5 15.Bd3 fxe5 16.fxe5 Ncxe5
17.dxe5 Nxe5 18.Rh1 axb4 19.Qe2 Nxd3+ 20.Qxd3 bxa3 21.h5 Bd7 22.h6 Bb5 23.Qd4 Qxd4
24.Nxd4 Bf6 25.Nxb5 Bxa1 26.Bxa3 Be5 27.Ne2 Rfc8 28.Rh5 Bf6 29.Rh3 Ra4 30.hxg7 Rc2
31.Re3 e5 32.Nd6 e4 33.Nf4 b5 34.Rg3 Bxg7  1-0

[Event "KB Czech Open"]
[Site "Pardubice CZE"]
[Date "2000.07.21"]
[Round "1"]
[White "Almasi,I"]
[Black "Plischki,S"]
[Result "1-0"]
[WhiteElo "2429"]
[BlackElo "2256"]

1.d4 e6 2.e4 d5 3.Nc3 Nf6 4.e5 Nfd7 5.f4 c5 6.Nf3 Nc6 7.Ne2 f6 8.c3 Qb6 9.a3 Be7
10.b4 cxd4 11.Nexd4 Nxd4 12.cxd4 Nb8 13.Bd3 Bd7 14.Qe2 a6 15.O-O f5 16.g4 fxg4
17.Ng5 Bb5 18.Bxb5+ axb5 19.Be3 h6 20.Nxe6 Qxe6 21.f5 Qb6 22.f6 gxf6 23.exf6 Bd6
24.f7+ Kd8 25.Bxh6 Qxd4+ 26.Kh1 Nd7 27.Bg5+ Kc7 28.Rac1+ Nc5 29.Bf6 Qe4+
30.Qxe4 Rxh2+ 31.Kg1 dxe4 32.bxc5 Bg3 33.Be7 e3 34.Bd6+  1-0

[Event "KB Czech Open"]
[Site "Pardubice CZE"]
[Date "2000.07.22"]
[Round "2"]
[White "Bokros,A"]
[Black "Hagarova,Z"]
[Result "1-0"]
[WhiteElo "2479"]
[BlackElo "2321"]

1.e4 e6 2.d4 d5 3.Nc3 Nf6 4.e5 Nfd7 5.f4 c5 6.Nf3 Nc6 7.Be3 a6 8.Qd2 b5 9.dxc5 Bxc5
10.Bxc5 Nxc5 11.Qf2 Na4 12.Nxa4 bxa4 13.Bd3 Rb8 14.b3 Qa5+ 15.Qd2 Qc5 16.g3 Nb4
17.Kf1 Bd7 18.Kg2 Nxd3 19.Qxd3 O-O 20.Nd4 Rfc8 21.Rhd1 a5 22.Rd2 Qa3 23.g4 Qb2
24.Rdd1 Rc3 25.Qd2 Rbc8 26.Rdb1 Qa3 27.Rf1 Qe7 28.Rf3 Rxf3 29.Nxf3 Qa3 30.Nd4 Qb2
31.Rf1 Qxa2 32.Rf3 axb3 33.Rxb3 g6 34.Rb7 Ba4 35.Qxa5 Bb3 36.Qxa2 Bxa2 37.Rb2 Bc4
38.Kf3 Ra8 39.f5 exf5 40.gxf5 gxf5 41.Nxf5 h5 42.Kf4 Ra1 43.Rb8+ Kh7 44.Rb7 Rf1+
45.Kg5 Rg1+ 46.Kf6 d4 47.Nxd4 Rg6+ 48.Ke7 Rg4 49.c3 Re4 50.Rc7 Ba2 51.Kf6  1-0

[Event "15th Open"]
[Site "Avoine FRA"]
[Date "2000.07.24"]
[Round "3"]
[White "Tirard,H"]
[Black "Clery,N"]
[Result "1-0"]
[WhiteElo "2399"]
[BlackElo "2241"]

1.e4 e6 2.d4 d5 3.Nc3 Nf6 4.e5 Nfd7 5.f4 c5 6.Nf3 Nc6 7.Be3 a6 8.Qd2 cxd4
9.Nxd4 Bc5 10.O-O-O O-O 11.h4 Nxd4 12.Bxd4 b5 13.Rh3 Bb7 14.f5 exf5 15.Nxd5 Bxd5
16.Bxc5 Nxc5 17.Qxd5 Qe7 18.Qd6 Rfe8 19.Qxe7 Rxe7 20.Rd5 Nd7 21.Ra3 Kf8 22.Bxb5 Rxe5
23.Rxe5 Nxe5 24.Rxa6 Rd8 25.a4 Rd4 26.a5 Rxh4 27.b3 Rb4 28.Rb6 g5 29.Rb8+ Kg7
30.a6 Nd7 31.a7  1-0

[Event "15th Open"]
[Site "Avoine FRA"]
[Date "2000.07.26"]
[Round "5"]
[White "Tirard,H"]
[Black "Geffroy,L"]
[Result "1-0"]
[WhiteElo "2399"]
[BlackElo "2228"]

1.e4 e6 2.d4 d5 3.Nc3 Nf6 4.e5 Nfd7 5.f4 c5 6.Nf3 Nc6 7.Be3 cxd4 8.Nxd4 Bc5
9.Qd2 O-O 10.O-O-O a6 11.h4 Nxd4 12.Bxd4 b5 13.Rh3 b4 14.Na4 Bxd4 15.Qxd4 Qa5
16.b3 Bb7 17.c3 Rfc8 18.Kb2 bxc3+ 19.Rxc3 Rxc3 20.Qxc3 Qxc3+ 21.Kxc3 Bc6
22.Rc1 Bxa4 23.bxa4 Rc8+ 24.Kd2 Rxc1 25.Kxc1 a5 26.Kd2 Nc5 27.Ke3 f5 28.exf6 gxf6
29.Kd4 Nxa4 30.Bb5 Nb2 31.f5 Kf7 32.Bc6 Ke7 33.fxe6 Kxe6 34.Bxd5+ Kd6 35.Bb3 a4
36.Bc2 h6 37.a3  1-0

[Event "KB Czech Open"]
[Site "Pardubice CZE"]
[Date "2000.07.26"]
[Round "6"]
[White "Fogarasi,T"]
[Black "Haub,TM"]
[Result "1-0"]
[WhiteElo "2456"]
[BlackElo "2370"]

1.e4 e6 2.d4 d5 3.Nc3 Nf6 4.e5 Nfd7 5.f4 c5 6.Nf3 Nc6 7.Be3 a6 8.Qd2 b5 9.dxc5 Bxc5
10.Bxc5 Nxc5 11.Qf2 Qb6 12.Bd3 b4 13.Ne2 a5 14.O-O Rb8 15.Ned4 Nxd4 16.Nxd4 O-O
17.Nb3 Nxd3 18.Qxb6 Rxb6 19.cxd3 Ba6 20.Rfd1 Rc8 21.Nd4 h6 22.Kf2 a4 23.Ke3 a3
24.Rab1 axb2 25.Rxb2 Rc3 26.Rb3 Rb7 27.h4 Kf8 28.g3 Ke7 29.Rxc3 bxc3 30.Rc1 Rb2
31.Rc2 f6 32.Rxc3 fxe5 33.fxe5 Rxa2 34.Rc7+ Ke8 35.Nxe6 g5 36.Ra7 d4+ 37.Kxd4 Bc4
38.Ng7+ Kf8 39.Rxa2 Bxa2 40.Nf5 gxh4 41.gxh4 Be6 42.Ke4  1-0

[Event "Open"]
[Site "Kavala GRE"]
[Date "2000.07.29"]
[Round "6"]
[White "Fakhiridou,E"]
[Black "Tsipouris,E"]
[Result "1-0"]
[WhiteElo "2277"]
[BlackElo "2058"]

1.e4 e6 2.d4 d5 3.Nc3 Nf6 4.e5 Nfd7 5.f4 c5 6.Nf3 Nc6 7.Be3 a6 8.Qd2 b5 9.g3 Qb6
10.Ne2 f6 11.c3 a5 12.Bg2 a4 13.O-O Ba6 14.f5 cxd4 15.Nexd4 Bc5 16.exf6 gxf6
17.fxe6 Nde5 18.Nxe5 fxe5 19.Nf5 O-O-O 20.Kh1 Bb7 21.e7 Rd7 22.Nd6+ Kb8 23.Rf8+  1-0

[Event "MTO Open"]
[Site "Biel SUI"]
[Date "2000.07.30"]
[Round "6"]
[White "Mateo,Ra"]
[Black "Holzke,F"]
[Result "0-1"]
[WhiteElo "2371"]
[BlackElo "2470"]

1.e4 e6 2.d4 d5 3.Nc3 Nf6 4.e5 Nfd7 5.Nce2 c5 6.c3 Nc6 7.f4 Qb6 8.Nf3 f6
9.a3 cxd4 10.cxd4 Be7 11.Nc3 fxe5 12.fxe5 O-O 13.Na4 Qc7 14.Be3 Nb6 15.Nxb6 Qxb6
16.Bd3 Na5 17.Qc2 h6 18.b4 Nc4 19.Bxc4 dxc4 20.Qxc4 Bd7 21.Qb3 Qb5 22.Rd1 a5
23.d5 axb4 24.Nd4 Qxd5 25.Qxd5 exd5 26.axb4 Bxb4+ 27.Bd2 Bc5 28.Nf3 Ra4 29.Bc3 Re4+
30.Kd2 Be3+ 31.Ke1 Bb5 32.Rb1 Bf4+  0-1

[Event "Open"]
[Site "Chania GRE"]
[Date "2000.08.05"]
[Round "4"]
[White "Zahariev,Z"]
[Black "Ivanisevic,I"]
[Result "0-1"]
[WhiteElo "2425"]
[BlackElo "2530"]

1.e4 e6 2.d4 d5 3.Nc3 Nf6 4.e5 Nfd7 5.f4 c5 6.Nf3 Nc6 7.Be3 a6 8.Qd2 cxd4
9.Nxd4 Bc5 10.O-O-O O-O 11.Kb1 Nxd4 12.Bxd4 Qc7 13.Qf2 b5 14.Bd3 b4 15.Ne2 a5
16.Qh4 g6 17.Rhf1 Ba6 18.g4 a4 19.f5 Nxe5 20.fxe6 Bxd3 21.cxd3 fxe6 22.Bxc5 Qxc5
23.d4 Qc4 24.Qe7 Nf7 25.Nf4 Rae8 26.Qd7 b3 27.Nxe6 Qc2+ 28.Ka1 a3 29.Rb1 Ra8  0-1

[Event "TCh-ESP"]
[Site "Barcelona ESP"]
[Date "2000.08.08"]
[Round "4"]
[White "Martin,Ju"]
[Black "Olaizola Ortega,L"]
[Result "1-0"]
[WhiteElo "2225"]
[BlackElo "2283"]

1.e4 e6 2.d4 d5 3.Nc3 Nf6 4.e5 Nfd7 5.Nf3 c5 6.dxc5 Nc6 7.Bf4 Bxc5 8.Bd3 Qb6
9.O-O Qxb2 10.Nb5 Kf8 11.Bd2 a6 12.Bc3 Qxa1 13.Qxa1 axb5 14.Bxb5 Ke7 15.a4 Nb6
16.Qc1 h6 17.Qf4 Bd7 18.Rb1 Rhb8 19.g4 Na5 20.g5 Nac4 21.gxh6 gxh6 22.Qf6+ Ke8
23.Kh1 Bxb5 24.axb5 Bf8 25.Rg1 Ra3 26.Bd4 Nd7 27.Qf4 b6 28.Rg8 Rba8 29.c3 Ra1+
30.Kg2 Rd1 31.Rh8 Ra7 32.Qxh6 Nb2 33.Bxb6 Rb7 34.Bc5  1-0

[Event "TCh-ESP"]
[Site "Barcelona ESP"]
[Date "2000.08.09"]
[Round "5"]
[White "Serra Pages,J"]
[Black "Pinero Fernandez,X"]
[Result "1-0"]
[WhiteElo "2191"]
[BlackElo "2255"]

1.e4 e6 2.d4 d5 3.Nc3 Nf6 4.e5 Nfd7 5.f4 c5 6.Nf3 Nc6 7.Be3 a6 8.Qd2 b5 9.dxc5 Bxc5
10.a3 Qb6 11.Bxc5 Nxc5 12.Rd1 Rb8 13.Be2 O-O 14.Nd4 Nxd4 15.Qxd4 Bb7 16.O-O Nd7
17.a4 b4 18.Na2 a5 19.c3 b3 20.Nc1 Bc6 21.Qxb6 Nxb6 22.Bb5 Bxb5 23.axb5 a4
24.Nd3 Ra8 25.Ra1 Rfb8 26.Nc5 h5 27.f5 exf5 28.Rxf5 Nc4 29.Na6 Rb6 30.Rf2 Ra7
31.Rxa4 Rxb5 32.Rb4 Ra5 33.Rb8+ Kh7 34.Nb4 Ne3 35.Re2 Ng4 36.g3 Ra1+ 37.Kg2 Rd1
38.h3 Nh6 39.Nc6 Raa1 40.Nd4 Rh1 41.Nf3 Raf1 42.Rb6 g6 43.e6 fxe6 44.Rb7+  1-0

[Event "ch-FRA Pool B"]
[Site "Vichy FRA"]
[Date "2000.08.15"]
[Round "1"]
[White "Apicella,M"]
[Black "Vallin,G"]
[Result "1/2-1/2"]
[WhiteElo "2506"]
[BlackElo "2399"]

1.e4 e6 2.d4 d5 3.Nc3 Nf6 4.e5 Nfd7 5.f4 c5 6.Nf3 Nc6 7.Be3 cxd4 8.Nxd4 Bc5
9.Qd2 O-O 10.O-O-O a6 11.h4 Bxd4 12.Bxd4 b5 13.h5 b4 14.Ne2 a5 15.Be3 a4
16.Nd4 Nxd4 17.Bxd4 b3 18.cxb3 axb3 19.a3 Ba6 20.Bxa6 Rxa6 21.Kb1 Nb6 22.Bxb6 Qxb6
23.h6 g6 24.Rc1 Ra4 25.Rh3 Rc4 26.Rhc3 Rfc8 27.Qd1 Kf8 28.Rxc4 Rxc4 29.Rc3 Rxc3
30.bxc3 Ke8 31.Qd4 Qb5 32.Kb2 Kd7 33.g3 Qc4 34.Qd1 Kc6 35.Qxb3 Qe2+ 36.Qc2 Qb5+
37.Kc1 Qf1+ 38.Qd1 Qc4 39.Qd2 Qf1+ 40.Kc2 Qc4 41.Kb2 Qb5+ 42.Kc1 Qf1+ 43.Qd1 Qc4
44.Kb2 Qb5+ 45.Qb3 Qe2+ 46.Ka1 Qe1+ 47.Ka2 Qe2+ 48.Qb2 Qc4+ 49.Ka1 Qf1+ 50.Qb1 Qc4
51.Qb4 Qf1+ 52.Kb2 Qe2+ 53.Kb3  1/2-1/2

[Event "Open"]
[Site "Polanica Zdroj POL"]
[Date "2000.08.18"]
[Round "2"]
[White "Przedmojski,R"]
[Black "Vysochin,S"]
[Result "0-1"]
[WhiteElo "2349"]
[BlackElo "2511"]

1.e4 e6 2.d4 d5 3.Nc3 Nf6 4.e5 Nfd7 5.f4 c5 6.Nf3 Nc6 7.Be3 a6 8.Qd2 b5 9.dxc5 Bxc5
10.Bxc5 Nxc5 11.Qf2 Qb6 12.Bd3 b4 13.Ne2 a5 14.O-O Ba6 15.Kh1 Ne7 16.Rfd1 h6
17.b3 O-O 18.Nfd4 Rfc8 19.g4 Ne4 20.Qe3 Nc6 21.Bxa6 Rxa6 22.Rd3 Ra7 23.Nxc6 Qxe3
24.Rxe3 Rxc6 25.Nd4 Rca6 26.a4 Nf2+ 27.Kg2 Nxg4 28.Rg3 h5 29.f5 exf5 30.Nxf5 Rc7
31.h3 Rxc2+ 32.Kg1 Nxe5 33.Re1 Ng6 34.Re8+ Kh7 35.Nd4 Rc1+ 36.Kf2 Rf6+ 37.Ke2 Rff1
38.Nf3 f6  0-1

[Event "Summer Festival Open"]
[Site "Lisbon POR"]
[Date "2000.08.22"]
[Round "2"]
[White "Gallagher,Jo"]
[Black "Blalock,R"]
[Result "1-0"]
[WhiteElo "2514"]
[BlackElo "2184"]

1.e4 e6 2.d4 d5 3.Nc3 Nf6 4.e5 Nfd7 5.f4 c5 6.Nf3 Nc6 7.Be3 cxd4 8.Nxd4 Bc5
9.Qd2 Nxd4 10.Bxd4 Bxd4 11.Qxd4 Qb6 12.Nb5 Qxd4 13.Nxd4 a6 14.h4 Nb8 15.h5 Bd7
16.h6 g6 17.O-O-O Nc6 18.Nf3 Rc8 19.Kb1 O-O 20.g3 Ne7 21.Bh3 Rc7 22.Rd2 a5
23.Nd4 b5 24.c3 Rb8 25.Rc2 Nc6 26.Nf3 Rcb7 27.b3 b4 28.c4 dxc4 29.Rxc4 Ne7
30.Nd4 Nd5 31.Bg2 Nc3+ 32.Rxc3 bxc3 33.Bxb7 Rxb7 34.Rc1 Rb4 35.Rd1 Kf8 36.Kc2 Rb7
37.Rd3 a4 38.Rxc3 axb3+ 39.axb3 Ke7 40.Nf3 f6 41.exf6+ Kxf6 42.Ng5 Bb5 43.Ne4+ Ke7
44.Rc8 Kd7 45.Rh8  1-0

[Event "ch-ESP"]
[Site "Barcelona ESP"]
[Date "2000.08.24"]
[Round "6"]
[White "Jerez Perez,A"]
[Black "Comas Fabrego,L"]
[Result "1/2-1/2"]
[WhiteElo "2386"]
[BlackElo "2516"]

1.e4 e6 2.d4 d5 3.Nc3 Nf6 4.e5 Nfd7 5.f4 c5 6.Nf3 Nc6 7.Be3 cxd4 8.Nxd4 Bc5
9.Qd2 O-O 10.O-O-O a6 11.h4 Nxd4 12.Bxd4 b5 13.Rh3 b4 14.Na4 Bxd4 15.Qxd4 a5
16.Bb5 Qc7 17.Kb1 Rb8 18.c4 Nb6 19.c5 Nxa4 20.Bxa4 Ba6  1/2-1/2

[Event "ch-FRA Pool B"]
[Site "Vichy FRA"]
[Date "2000.08.24"]
[Round "7"]
[White "Fontaine,R"]
[Black "Vallin,G"]
[Result "1-0"]
[WhiteElo "2449"]
[BlackElo "2399"]

1.e4 e6 2.d4 d5 3.Nc3 Nf6 4.e5 Nfd7 5.f4 c5 6.Nf3 Nc6 7.Be3 cxd4 8.Nxd4 Bc5
9.Qd2 O-O 10.O-O-O a6 11.h4 Bxd4 12.Bxd4 b5 13.h5 b4 14.Na4 Qa5 15.b3 Bb7
16.Bf2 Rfc8 17.Kb1 Ne7 18.h6 g6 19.f5 Nxf5 20.g4 d4 21.Rh3 Ne7 22.Bxd4 Be4
23.Bd3 Bxd3 24.Rxd3 Nc6 25.Bb2 Ndxe5 26.Qg5 Qc7 27.Qf6 Kf8 28.Nc5 Ke8 29.Rd6 Ra7
30.Nxe6  1-0

[Event "MSO Ron Banwell mem"]
[Site "London ENG"]
[Date "2000.08.26"]
[Round "7"]
[White "Cobb,C"]
[Black "Summerscale,A"]
[Result "0-1"]
[WhiteElo "2265"]
[BlackElo "2459"]

1.e4 e6 2.d4 d5 3.Nc3 Nf6 4.e5 Nfd7 5.f4 c5 6.Nf3 Nc6 7.Be3 a6 8.Qd2 b5 9.dxc5 Bxc5
10.Bxc5 Nxc5 11.Qf2 Qe7 12.Bd3 Nb4 13.Rd1 Nbxd3+ 14.cxd3 b4 15.Ne2 a5 16.Nfd4 Ba6
17.Nc1 Rc8 18.O-O O-O 19.Qe3 g6 20.g3 Rc7 21.Rf2 Rfc8 22.h3 a4 23.Kh2 Qf8
24.g4 Nd7 25.Kg3 Qg7 26.h4 Nc5 27.Kh3 Qh6 28.Kg3 a3 29.b3 Ne4+ 30.dxe4 Rc3
31.Nd3 Bxd3 32.Rxd3 Rxd3 33.Qxd3 Rc3 34.Qxc3 bxc3 35.exd5 exd5 36.Rc2 Qf8
37.Rxc3 Qb4 38.Rc8+ Kg7 39.Nf3 Qe4 40.Ra8 d4 41.Rxa3 d3 42.g5 d2 43.Nxd2 Qe1+
44.Kf3 Qxd2 45.Ra4 Qd3+ 46.Kf2 h5  0-1

[Event "Clasificatorio Abierto"]
[Site "Buenos Aires ARG"]
[Date "2000.08.27"]
[Round "9"]
[White "Juarez,CE"]
[Black "Albarran,G"]
[Result "1/2-1/2"]
[WhiteElo "2179"]
[BlackElo "2211"]

1.e4 e6 2.d4 d5 3.Nc3 Nf6 4.e5 Nfd7 5.Nce2 c5 6.c3 Nc6 7.f4 Qb6 8.Nf3 cxd4
9.cxd4 g6 10.g4 f6 11.a3 Bg7 12.h4 O-O 13.Rh3 fxe5 14.fxe5 Ndxe5 15.dxe5 Nxe5
16.Nf4 Nxg4 17.Qe2 Qd6 18.Qd2 d4 19.Ng5 Ne3 20.Rxe3 Qxf4 21.Rf3 Qxh4+ 22.Kd1 Rxf3
23.Nxf3 Qh1 24.Qg2 Qxg2 25.Bxg2 e5 26.Ng5 Bg4+ 27.Kd2 Bh6 28.Kd3 Rc8 29.Bd5+ Kg7
30.Ne6+ Kf6 31.Bxh6 Bf5+ 32.Kd2 Bxe6 33.Bxe6 Kxe6 34.Rf1 Rc7 35.Rf8 e4 36.Re8+  1/2-1/2

[Event "Open"]
[Site "Kiel GER"]
[Date "2000.08.27"]
[Round "9"]
[White "Agdestein,S"]
[Black "Langrock,H"]
[Result "1-0"]
[WhiteElo "2590"]
[BlackElo "2228"]

1.e4 e6 2.d4 d5 3.Nc3 Nf6 4.e5 Ne4 5.Nxe4 dxe4 6.Bc4 a6 7.a4 Nc6 8.Ne2 b6
9.c3 Bb7 10.O-O h5 11.Nf4 Ne7 12.Qe2 g6 13.Bb3 c5 14.dxc5 bxc5 15.Bc2 Qc7
16.Bxe4 Qxe5 17.Bxb7  1-0

[Event "Open"]
[Site "Kiel GER"]
[Date "2000.08.27"]
[Round "9"]
[White "Lindberg,Bo"]
[Black "Gospodinow,N"]
[Result "0-1"]
[WhiteElo "2159"]
[BlackElo "2241"]

1.e4 e6 2.d4 d5 3.Nc3 Nf6 4.e5 Nfd7 5.f4 c5 6.Nf3 Nc6 7.Be3 a6 8.Qd2 b5 9.dxc5 Bxc5
10.O-O-O b4 11.Ne2 a5 12.Bxc5 Nxc5 13.Ned4 Nxd4 14.Nxd4 O-O 15.g4 Ne4 16.Qe3 f6
17.Bd3 fxe5 18.Bxe4 exd4 19.Rxd4 Qb6 20.Bg2 Kh8 21.Re1 Bd7 22.Qd2 Rfe8 23.Re5 Rac8
24.Kb1 Rc5 25.Qd3 Rec8 26.Rh5 h6 27.c4 bxc3 28.b3 c2+ 29.Kc1 Rc3 30.Qd2 Rxb3
31.axb3 Qxb3 32.Rb4 axb4  0-1

[Event "Open"]
[Site "Kiel GER"]
[Date "2000.08.27"]
[Round "9"]
[White "Ferkingstad,S"]
[Black "Leib,B"]
[Result "0-1"]
[WhiteElo "2111"]
[BlackElo "2044"]

1.e4 e6 2.d4 d5 3.Nc3 Nf6 4.e5 Nfd7 5.f4 c5 6.Nf3 cxd4 7.Nxd4 Nc6 8.Be3 Be7
9.Qd2 a6 10.O-O-O Qc7 11.g4 Na5 12.h4 Nb6 13.Qf2 Nbc4 14.Nb3 Nxe3 15.Qxe3 Bd7
16.Kb1 Nxb3 17.axb3 Bc6 18.Bg2 O-O-O 19.Qd4 f6 20.g5 Rdf8 21.exf6 gxf6 22.Bh3 Bd7
23.Rhe1 Bc5 24.Qd2 fxg5 25.f5 exf5 26.Nxd5 Qg3 27.Bg2 Rd8 28.hxg5 Kb8 29.Ne7 Bf2
30.Qd5 Qc7 31.Rf1 Bb5 32.Qxf5 Bxf1 33.Rxf1 Rhf8 34.Qe4 Bc5 35.Rxf8 Rxf8 36.Nd5 Qf7
37.b4 Bd6 38.b3 Re8 39.Qc4 Re1+ 40.Ka2 Be5 41.Nc3 Qxc4  0-1

[Event "ch-HUN KO"]
[Site "Budapest HUN"]
[Date "2000.08.31"]
[Round "2.2"]
[White "Magyar,O"]
[Black "Csaba,A jr"]
[Result "1/2-1/2"]
[WhiteElo "2340"]
[BlackElo "2133"]

1.e4 e6 2.d4 d5 3.Nc3 Nf6 4.e5 Ne4 5.Bd3 Nxc3 6.bxc3 c5 7.f4 Nc6 8.Nf3 Qa5
9.Bd2 c4 10.Be2 Be7 11.O-O f5 12.exf6 gxf6 13.Re1 Bd7 14.Bf1 O-O-O 15.Re2 Rhg8
16.Qe1 Qc7 17.Kh1 Bd6 18.g3 Rde8 19.Bg2 h5 20.Qf2 Ne7 21.Nh4 f5 22.Bf3 Rh8
23.Re3 Rh6 24.Qe2 Reh8 25.Be1 Ng6 26.Nxg6 Rxg6 27.Bxh5 Rgh6 28.Bf7 Qd8 29.Bxe6 Bxe6
30.Rxe6 Rxh2+ 31.Qxh2 Rxh2+ 32.Kxh2 Bxf4 33.Bf2 Bd6 34.Rae1 Kc7 35.Kg2 Qg8
36.Rf6 f4 37.Ree6 fxg3 38.Rg6 Qf8 39.Bxg3 Bxg3 40.Kxg3 Kd7 41.Re5 Qa3 42.Rg7+ Kd6
43.Rg6+ Kd7 44.Rxd5+ Ke7 45.Rg7+ Kf6 46.Rgd7 Qc1 47.R5d6+ Kg5 48.Rg7+ Kf5
49.Rf7+ Kg5 50.Rg7+  1/2-1/2

[Event "Open"]
[Site "Abudhabi UAE"]
[Date "2000.09.02"]
[Round "7"]
[White "Abdullah,Ma"]
[Black "Hassan,Ab"]
[Result "1/2-1/2"]
[WhiteElo "2290"]
[BlackElo "2257"]

1.e4 e6 2.d4 d5 3.Nc3 Nf6 4.e5 Nfd7 5.Nce2 c5 6.c3 Nc6 7.f4 cxd4 8.cxd4 f5
9.Nf3 Be7 10.h4 O-O 11.Rh3 Nb6 12.b3 Bd7 13.Ng3  1/2-1/2

[Event "LVI ch-POR"]
[Site "Barreiro POR"]
[Date "2000.09.02"]
[Round "1"]
[White "Vitor,A"]
[Black "Reis,L"]
[Result "1-0"]
[WhiteElo "2302"]
[BlackElo "2244"]

1.e4 e6 2.d4 d5 3.Nc3 Nf6 4.e5 Nfd7 5.f4 c5 6.Nf3 Nc6 7.Be3 cxd4 8.Nxd4 Bc5
9.Qd2 O-O 10.O-O-O a6 11.h4 Nxd4 12.Bxd4 b5 13.h5 b4 14.Na4 Bxd4 15.Qxd4 a5
16.h6 g6 17.Kb1 Ba6 18.Bd3 Qc7 19.Rc1 Rfc8 20.Rhd1 Qa7 21.Qxa7 Rxa7 22.b3 f6
23.Re1 Kf7 24.Kb2 Bxd3 25.cxd3 Rac7 26.Rxc7 Rxc7 27.d4 g5 28.exf6 Kxf6 29.fxg5+ Kf5
30.g6 hxg6 31.Rf1+ Kg5 32.Rf7 Kxh6 33.Nb6 Rb7 34.Nxd7  1-0

[Event "ch-ISL KO"]
[Site "Kopavogur ISL"]
[Date "2000.09.03"]
[Round "4.6"]
[White "Gunnarsson,J"]
[Black "Thorhallsson,T"]
[Result "1-0"]
[WhiteElo "2368"]
[BlackElo "2454"]

1.e4 e6 2.d4 d5 3.Nc3 Nf6 4.e5 Nfd7 5.f4 c5 6.Nf3 Nc6 7.Be3 a6 8.Qd2 cxd4
9.Nxd4 Bc5 10.Be2 Nxd4 11.Bxd4 b5 12.O-O-O Qa5 13.f5 Bxd4 14.Qxd4 b4 15.fxe6 fxe6
16.Nxd5 exd5 17.Bh5+ Kd8 18.e6 Nf6 19.Qe5 Ke7 20.Rhf1 Bb7 21.Qg5 Rhg8 22.Bf7 Qd8
23.Rf5 h6 24.Qg6 Rc8 25.Rdf1 d4 26.Rxf6 Be4 27.Qxe4 gxf6 28.Bxg8 Qxg8 29.Qb7+ Kxe6
30.Re1+ Kf5 31.Qe4+ Kg5 32.h4+ Kh5 33.Qf5+ Kxh4 34.Rh1+ Kg3 35.Qf3+  1-0

[Event "Najdorf Final KO"]
[Site "Buenos Aires ARG"]
[Date "2000.09.11"]
[Round "2.1"]
[White "Alonso,S"]
[Black "Hoffman,A"]
[Result "0-1"]
[WhiteElo "2413"]
[BlackElo "2491"]

1.e4 e6 2.d4 d5 3.Nc3 Nf6 4.e5 Nfd7 5.f4 c5 6.Nf3 Nc6 7.Be3 cxd4 8.Nxd4 Bc5
9.Qd2 a6 10.O-O-O O-O 11.h4 Bxd4 12.Bxd4 b5 13.Bf2 b4 14.Na4 a5 15.h5 Qc7
16.h6 g6 17.Kb1 Ne7 18.Bb5 Rb8 19.Bxd7 Bxd7 20.Nc5 Rb5 21.Nb3 Ra8 22.g4 d4
23.f5 Nd5 24.Nxd4 Rb7 25.Nb3 a4 26.Nc5 Rb5 27.Ne4 Nc3+ 28.Nxc3 bxc3 29.Qd6 Rxb2+
30.Ka1 Qb7 31.Qa3 Rxc2 32.Rb1 Qd5 33.fxg6 Rxf2 34.Rbd1 Qxe5 35.Rhe1 c2+  0-1

[Event "TCh-FIN 00-01"]
[Site "FIN"]
[Date "2000.09.24"]
[Round "2"]
[White "Nevanlinna,R"]
[Black "Keskisarja,T"]
[Result "1-0"]
[WhiteElo "2331"]
[BlackElo "2278"]

1.e4 e6 2.d4 d5 3.Nc3 Nf6 4.e5 Nfd7 5.f4 c5 6.Nf3 Nc6 7.Be3 a6 8.a3 b5 9.g3 Qb6
10.Bg2 cxd4 11.Nxd4 Bc5 12.Nce2 O-O 13.O-O a5 14.c3 Bb7 15.b4 Bxd4 16.Nxd4 Rfc8
17.Nf5 d4 18.Nxd4 Nxd4 19.Bxd4 Qc7 20.Bxb7 Qxb7 21.Qe2 a4 22.f5 Qd5 23.Qe3 exf5
24.Rxf5 Nf8 25.Raf1 Rc7 26.Qf2 Re8 27.h4 g6 28.Rf6 Rce7 29.e6 Nxe6 30.Rxf7 Qd6
31.Bc5 Nxc5 32.bxc5 Qe5 33.Rf8+ Kg7 34.c6 Qe3 35.Qxe3 Rxe3 36.c7 Rxg3+ 37.Kh2 Rxf8
38.Rxf8  1-0

[Event "EuYCh G18"]
[Site "Halkidiki GRE"]
[Date "2000.10.10"]
[Round "9"]
[White "Kosintseva,N"]
[Black "Umpfenbach,C"]
[Result "1-0"]
[WhiteElo "2241"]
[BlackElo "2044"]

1.e4 e6 2.d4 d5 3.Nc3 Nf6 4.e5 Nfd7 5.Nf3 c5 6.dxc5 Bxc5 7.Bd3 Nc6 8.Bf4 f6
9.exf6 Qxf6 10.Bg5 Qf7 11.Bh4 Qf4 12.Bg3 Qf6 13.O-O O-O 14.Nb5 Bb6 15.c3 Nde5
16.Nxe5 Nxe5 17.Bxh7+ Kxh7 18.Qh5+ Kg8 19.Qxe5 Bd7 20.Na3 Rac8 21.Rad1 Bc5
22.Qxf6 gxf6 23.Nb1 Bc6 24.Bf4 Kf7 25.Be3 b6 26.Rfe1 Be7 27.f4 Rg8 28.g3 Rg4
29.Nd2 Rcg8 30.Nf3 Bd6 31.Kf2 e5 32.fxe5 fxe5 33.Bc1 e4 34.Nd4 Bc5 35.Bf4 Bb5
36.h3 R4g6 37.g4 Bd3 38.Kg3 Rf6 39.Rd2 Kg6 40.h4 Rgf8 41.h5+ Kh7 42.Nf5 a5
43.Kh4 b5 44.Be3 Bxe3 45.Nxe3 Rf2 46.Rxf2 Rxf2 47.Nxd5 Rxb2 48.Nf6+ Kg7 49.Kg5 Rxa2
50.h6+ Kh8 51.Nxe4 Re2 52.Rxe2 Bxe2 53.Kf4 Kh7 54.g5 a4 55.Nf6+ Kg6 56.h7 Kg7
57.g6 a3 58.Ne8+ Kh8 59.Kg5  1-0

[Event "EuYCh B16"]
[Site "Halkidiki GRE"]
[Date "2000.10.10"]
[Round "9"]
[White "Skrzypnik,M"]
[Black "Hanley,C"]
[Result "1-0"]
[WhiteElo "2223"]
[BlackElo "2294"]

1.e4 e6 2.d4 d5 3.Nc3 Nf6 4.e5 Nfd7 5.f4 c5 6.Nf3 Nc6 7.Be3 a6 8.Qd2 b5 9.dxc5 Bxc5
10.Bxc5 Nxc5 11.Qf2 Qb6 12.b4 Nxb4 13.Rb1 Nc6 14.Bxb5 Bd7 15.O-O Qa7 16.Bxc6 Bxc6
17.Nd4 Bd7 18.f5 exf5 19.Nxd5 Ne4 20.Qe3 O-O 21.Rbd1 Rae8 22.Nxf5 Qxe3+ 23.Ndxe3 Bc6
24.Nd4 Ba8 25.Nc4 Nc5 26.Rfe1 Rd8 27.Nf5 Rfe8 28.Ncd6 Re6 29.Ne4  1-0

[Event "It"]
[Site "Alushta UKR"]
[Date "2000.10.15"]
[Round "1"]
[White "Olenin,N"]
[Black "Itkis,B"]
[Result "1/2-1/2"]
[WhiteElo "2408"]
[BlackElo "2384"]

1.e4 e6 2.Nc3 d5 3.d4 Nf6 4.e5 Nfd7 5.f4 c5 6.Nf3 Nc6 7.Be3 cxd4 8.Nxd4 Qb6
9.Be2 Bc5 10.Na4 Qa5+ 11.c3 Bxd4 12.Bxd4 Nxd4 13.Qxd4 b6 14.O-O Nc5 15.Bd1 Ba6
16.Re1 Qb5 17.Nxc5 bxc5 18.Qf2 Qb6 19.f5 O-O-O 20.Be2 Bxe2 21.Rxe2 Kb8 22.Rd1 Rd7
23.Qg3 g6 24.fxe6 fxe6 25.Rf2 Rdd8 26.h3 Qa6  1/2-1/2

[Event "TCh-FIN 00-01"]
[Site "FIN"]
[Date "2000.10.21"]
[Round "3"]
[White "Fieandt,J"]
[Black "Lindqvist,TE"]
[Result "0-1"]
[WhiteElo "2196"]
[BlackElo "2232"]

1.e4 e6 2.d4 d5 3.Nc3 Nf6 4.e5 Nfd7 5.Nf3 c5 6.dxc5 Bxc5 7.Na4 Be7 8.Bd2 Nc6
9.Bb5 O-O 10.Bxc6 bxc6 11.O-O c5 12.b3 Qc7 13.Re1 Bb7 14.Nb2 f6 15.Nd3 fxe5
16.Nfxe5 Nxe5 17.Nxe5 Bd6 18.Qg4 Rae8 19.f4 Rf5 20.Re3 Ref8 21.Rae1 c4 22.Rh3 cxb3
23.cxb3 Bxe5 24.fxe5 Qxe5 25.Rhe3 Ba6 26.Rf3 Qf6 27.Rxf5 exf5 28.Qf3 Rd8
29.Qf4 Bd3 30.Bb4 Be4 31.Qc7 Re8 32.Qxa7 d4 33.Qc5 d3 34.Bc3 Qg5 35.Qf2 Rc8
36.Bd2 Qg4 37.h3 Qg6 38.Rc1 Re8 39.Rc7 Bxg2 40.Qxg2 Qb6+  0-1

[Event "Tch-AUT 2000-01"]
[Site "Maierhofen/Zillertal AUT"]
[Date "2000.10.21"]
[Round "1"]
[White "Mahdy,T"]
[Black "Weinzettl,E"]
[Result "1/2-1/2"]
[WhiteElo "2076"]
[BlackElo "2412"]

1.e4 e6 2.d4 d5 3.Nc3 Nf6 4.e5 Nfd7 5.Nce2 c5 6.c3 Nc6 7.Nf3 cxd4 8.cxd4 f6
9.exf6 Nxf6 10.Nc3 Bd6 11.Bd3 O-O 12.O-O Qe8 13.Re1 Qh5 14.h3 Bd7 15.Nb5 Bb8
16.Be3 h6 17.Nc3 g5 18.Qb1 Qf7 19.Qd1 Nh5 20.Bb5 Nf4 21.Bxf4 Bxf4 22.Na4 b6
23.Nc3 Rae8 24.Ne2 Bd6 25.Nc1 Nxd4 26.Qxd4 Bxb5 27.Ne5  1/2-1/2

[Event "Tch-AUT 2000-01"]
[Site "Maierhofen/Zillertal AUT"]
[Date "2000.10.22"]
[Round "2"]
[White "Roth,Pe"]
[Black "Kastner,W"]
[Result "1/2-1/2"]
[WhiteElo "2306"]
[BlackElo "2311"]

1.e4 e6 2.d4 d5 3.Nc3 Nf6 4.e5 Nfd7 5.Nf3 c5 6.dxc5 Bxc5 7.Bd3 Nc6 8.Bf4 a6
9.O-O Be7 10.Bg3 Nc5  1/2-1/2